[Event "GER Cup Net V4 U2000"]
[Site "Playchess.com INT"]
[Date "2020.05.31"]
[Round "6"]
[White "Meschke, Andreas"]
[Black "Schewe, Bernhard"]
[Result "0-1"]
[WhiteElo "1865"]
[BlackElo "1808"]
[PlyCount "98"]
[EventDate "2020.05.31"]
[EventType "swiss (blitz)"]
[EventRounds "9"]
[EventCountry "GER"]
[SourceTitle "EXT 2021"]
[Source "ChessBase"]
[SourceDate "2020.10.23"]
[SourceVersion "1"]
[SourceVersionDate "2020.10.23"]
[SourceQuality "1"]

1. e4 e6 2. d4 d5 3. Nc3 Nf6 4. Bg5 Bb4 5. e5 h6 6. exf6 hxg5 7. fxg7 Rg8 8. h4 Rxg7 9. hxg5 Qxg5 10. Nf3 Qg4 11. Rh8+ Rg8 12. Rh4 Qg7 13. Qe2 Bd7 14. 0-0-0 Bxc3 15. bxc3 Nc6 16. Kb1 0-0-0 17. Ka1 a6 18. Rb1 Na5 19. Ne5 Bb5 20. Rxb5 axb5 21. Qxb5 Nc6 22. Nxc6 bxc6 23. Qxc6 Rd6 24. Ba6+ Kd8 25. Qa8+ Ke7 26. Qb7 Qxg2 27. Qxc7+ Rd7 28. Qc5+ Kd8 29. Qc8+ Ke7 30. Qc5+ Kf6 31. Rf4+ Kg5 32. Qc6 Qg1+ 33. Kb2 Rb8+ 34. Bb5 Rdb7 35. a4 Kxf4 36. Qd6+ Kf3 37. Qe5 Qxf2 38. Qf6+ Ke3 39. Qe5+ Kf3 40. Qf6+ Kg3 41. Qe5+ Kg2 42. Qg5+ Qg3 43. Qd2+ Qf2 44. Qg5+ Qg3 45. Qd2+ Kh3 46. Ka3 Rxb5 47. axb5 Ra8+ 48. Kb4 Qd6+ 49. Kb3 Qa3# 0-1

[Event "GER Cup Net V3 U2000"]
[Site "Playchess.com INT"]
[Date "2020.05.27"]
[Round "3"]
[White "Schewe, Bernhard"]
[Black "Prieb, Robert"]
[Result "0-1"]
[WhiteElo "1742"]
[BlackElo "1958"]
[PlyCount "74"]
[EventDate "2020.05.27"]
[EventType "swiss (blitz)"]
[EventRounds "9"]
[EventCountry "GER"]
[SourceTitle "EXT 2021"]
[Source "ChessBase"]
[SourceDate "2020.10.23"]
[SourceVersion "1"]
[SourceVersionDate "2020.10.23"]
[SourceQuality "1"]

1. b4 e6 2. Bb2 Nf6 3. b5 a6 4. c4 axb5 5. cxb5 Be7 6. a4 c6 7. Nc3 0-0 8. e3 Nd5 9. Nf3 Nxc3 10. Bxc3 b6 11. Be2 d5 12. 0-0 c5 13. Bxg7 Kxg7 14. Ne5 Bf6 15. d4 Nd7 16. f4 Nxe5 17. dxe5 Be7 18. Bd3 Rh8 19. Rf3 Kf8 20. Rh3 Ke8 21. Qg4 Kd7 22. Qg7 Qf8 23. Rxh7 Rxh7 24. Qxf8 Bxf8 25. Bxh7 Bb7 26. g4 d4 27. exd4 cxd4 28. Kf2 Bd5 29. Bc2 Bc5 30. Kg3 Bc4 31. Rd1 Ke7 32. f5 exf5 33. gxf5 d3 34. Bxd3 Bxd3 35. Rxd3 Rxa4 36. f6+ Ke6 37. Rd8 Kxe5 0-1

[Event "GER Cup Net V2 U2000"]
[Site "Playchess.com INT"]
[Date "2020.05.22"]
[Round "5"]
[White "Apelt, Andreas"]
[Black "Schewe, Bernhard"]
[Result "0-1"]
[WhiteElo "1291"]
[BlackElo "1689"]
[PlyCount "54"]
[EventDate "2020.05.22"]
[EventType "swiss (blitz)"]
[EventRounds "9"]
[EventCountry "GER"]
[SourceTitle "EXT 2021"]
[Source "ChessBase"]
[SourceDate "2020.10.23"]
[SourceVersion "1"]
[SourceVersionDate "2020.10.23"]
[SourceQuality "1"]

1. d4 e6 2. c4 f5 3. Nf3 Nf6 4. Bg5 Be7 5. Nc3 0-0 6. e3 c6 7. Bd3 d5 8. h4 Ne4 9. Bxe7 Qxe7 10. cxd5 exd5 11. Ne5 Nd7 12. f4 Nxe5 13. dxe5 Ng3 14. Rh3 Ne4 15. Qb3 Kh8 16. Nxe4 fxe4 17. Be2 Bxh3 18. gxh3 Qxh4+ 19. Kd2 Qxh3 20. Qxb7 Rab8 21. Qxc6 Rxb2+ 22. Kc3 Rxe2 23. Qxd5 Qxe3+ 24. Kb4 Rb8+ 25. Ka4 Rd2 26. Rb1 Rd4+ 27. Ka5 Qa3# 0-1

[Event "Berlin-ch Seniors op 28th"]
[Site "Berlin"]
[Date "2012.02.04"]
[Round "9.9"]
[White "Schewe, Bernhard"]
[Black "Albrecht, Rainer"]
[Result "1/2-1/2"]
[WhiteElo "1850"]
[BlackElo "2023"]
[PlyCount "61"]
[EventDate "2012.01.27"]
[EventType "swiss"]
[EventRounds "9"]
[EventCountry "GER"]
[SourceTitle "EXT 2022"]
[Source "ChessBase"]
[SourceDate "2021.10.06"]
[SourceVersion "1"]
[SourceVersionDate "2021.10.06"]
[SourceQuality "1"]

1. b4 d5 2. Bb2 Bg4 3. g3 e6 4. Bg2 Nf6 5. b5 c6 6. a4 a6 7. Nc3 Bd6 8. Nf3 0-0 9. 0-0 Qe7 10. d4 Nbd7 11. Qc1 axb5 12. axb5 Bxf3 13. Bxf3 Nb6 14. bxc6 bxc6 15. e4 Rxa1 16. Bxa1 Nfd7 17. e5 Ba3 18. Qd1 Nc4 19. Ne2 Bb4 20. Bc3 Bxc3 21. Nxc3 Qb4 22. Qd3 Ndb6 23. Rb1 Qe7 24. Be2 Ra8 25. Kg2 g6 26. Nd1 c5 27. Ne3 Rc8 28. c3 cxd4 29. cxd4 Nxe3+ 30. Qxe3 Nc4 31. Qf4 1/2-1/2

[Event "Berlin-ch Seniors op 28th"]
[Site "Berlin"]
[Date "2012.02.02"]
[Round "7.6"]
[White "Shapiro, Yosip"]
[Black "Schewe, Bernhard"]
[Result "0-1"]
[WhiteElo "2008"]
[BlackElo "1850"]
[PlyCount "179"]
[EventDate "2012.01.27"]
[EventType "swiss"]
[EventRounds "9"]
[EventCountry "GER"]
[SourceTitle "EXT 2022"]
[Source "ChessBase"]
[SourceDate "2021.10.06"]
[SourceVersion "1"]
[SourceVersionDate "2021.10.06"]
[SourceQuality "1"]

1. Nf3 e6 2. e4 d5 3. e5 c5 4. c3 Nc6 5. d4 Bd7 6. Be2 f5 7. 0-0 cxd4 8. cxd4 Nge7 9. h4 Qb6 10. Nc3 Nc8 11. a3 Be7 12. b4 0-0 13. Bf4 Qd8 14. g3 Nb6 15. Qd2 a6 16. Na2 Na7 17. Nc1 Rc8 18. Nb3 Nc4 19. Bxc4 Rxc4 20. Nc5 b6 21. Nb7 Qb8 22. Nd6 Rc6 23. a4 Nc8 24. b5 axb5 25. axb5 Rc7 26. Rfb1 Ra7 27. Rxa7 Qxa7 28. Qb4 Qb8 29. Bg5 Bxg5 30. hxg5 Qc7 31. Kg2 Rd8 32. Rb3 Nxd6 33. exd6 Qc4 34. Ne5 Qxb4 35. Rxb4 Be8 36. Ra4 Rxd6 37. Ra8 Kf8 38. Rc8 Ke7 39. Rc7+ Bd7 40. Rb7 Ke8 41. Nxd7 Rxd7 42. Rxb6 Ke7 43. Kf3 h6 44. gxh6 gxh6 45. Kf4 Kf6 46. Rb8 Rg7 47. b6 Rg4+ 48. Ke3 Rg7 49. b7 Kg5 50. Kf3 h5 51. Kg2 f4 52. Kf3 fxg3 53. Kxg3 Kf5+ 54. Kf3 Kg5 55. Ke3 Kg4 56. f3+ Kg3 57. Rh8 Rxb7 58. Rg8+ Kh3 59. Kf4 Rf7+ 60. Ke5 Rxf3 61. Kxe6 Rg3 62. Rh8 Rg5 63. Kf6 Kg4 64. Ra8 h4 65. Ra1 Rh5 66. Kg6 Rh8 67. Kg7 Re8 68. Rg1+ Kf4 69. Rf1+ Kg3 70. Rg1+ Kf2 71. Rg5 Rd8 72. Rh5 Kg3 73. Kf7 Kg4 74. Rh7 Rd6 75. Ke7 Rg6 76. Kf7 Ra6 77. Rh8 Kg5 78. Rg8+ Kf5 79. Rg1 h3 80. Rh1 Ra7+ 81. Kg8 Kg4 82. Rg1+ Kf3 83. Rg5 h2 84. Rh5 Ra2 85. Kf7 Re2 86. Kf6 Kg2 87. Rg5+ Kf1 88. Rh5 Kg1 89. Rg5+ Rg2 90. Rh5 0-1